000 00338nam a22001457a 4500
003 OSt
005 20160727222352.0
008 160622b xxu||||| |||| 00| 0 eng d
040 _cTest
100 _9422
_aBowdish, P
245 _aHimalayan Smuggler
260 _aN.D
_b Select Books
_c1981
300 _aHimalayan Smuggler
942 _2ddc
_cBK
999 _c345
_d345